Normal view MARC view

Entry Uniform Title

Number of records used in: 1

001 - CONTROL NUMBER

  • control field: 24743

003 - CONTROL NUMBER IDENTIFIER

  • control field: dpl

005 - DATE AND TIME OF LATEST TRANSACTION

  • control field: 20101213152806.0

008 - FIXED-LENGTH DATA ELEMENTS

  • fixed length control field: 101213|||a|||||| | ||| d

040 ## - CATALOGING SOURCE

  • Original cataloging agency: dpl
  • Transcribing agency: dpl

130 ## - HEADING--UNIFORM TITLE

  • Uniform title: (लोकोदय ग्रन्थमालाः ग्रन्थाक; 893-96 / रवीन्द्र कालिया द्वारा समपादित).

670 ## - SOURCE DATA FOUND

  • Source citation: Work cat.: (dpl)23413: जैन, वीरेन्द्र कुमार 24742, अनुत्तर योगी: , 2009

670 ## - SOURCE DATA FOUND

  • Source citation: Work cat.: (dpl)23413: जैन, वीरेन्द्र कुमार 24742, अनुत्तर योगी: , 2009

© Delhi Public Library
Hit Counter
free hit counter